000 00362nam a2200169Ia 4500
003 0STCL
008 150530s9999 xx 000 0 und d
040 _aSTCL
_cSTCL
100 _aHarivamsh Tarun
245 _aPramanik Paryavachi Kosh
260 _c2011
300 _a0
546 _aHindi
942 _2ddc
_cBK
999 _c17628
_d17628
005 20220125165812.0